00461nam a2200157Ia 4500008004100000020001800041082001200059100001900071245004100090250000800131260004600139300002800185500001900213600002100232650005000253240925s9999 xx 000 0 und d a9788131711040 a003 TAH aHamdy ,A. Taha 0aOperations Research: an introduction a8th aNew Delhi:bPearson Printice Hallc,2008. axiii,521p.bNAfPirated aIncludes Index aComputer Science aComputer science, information & general works